| 000 -LEADER |
| fixed length control field |
01427cam a22002417a 4500 |
| 020 ## - INTERNATIONAL STANDARD BOOK NUMBER |
| ISBN |
9789251056899 (pbk.) |
| 020 ## - INTERNATIONAL STANDARD BOOK NUMBER |
| ISBN |
9251056897 (pbk.) |
| 040 ## - CATALOGING SOURCE |
| Transcribing agency |
OSU |
| 082 ## - DEWEY DECIMAL CLASSIFICATION NUMBER |
| Classification number |
338 FOO 2007 A079 Or. |
| 245 00 - TITLE STATEMENT |
| Title |
Mapping biophysical factors that influence agricultural production and rural vulnerability / |
| 260 ## - PUBLICATION, DISTRIBUTION, ETC. (IMPRINT) |
| Place of publication |
Rome : |
| Name of publisher |
Food and Agriculture Organization of the United Nations, |
| Year of publication |
c2007. |
| 300 ## - PHYSICAL DESCRIPTION |
| Number of Pages |
xii, 84 p. : |
| Other physical details |
col. ill., col. maps ; |
| Dimensions |
30 cm. |
| 490 1# - SERIES STATEMENT |
| Series statement |
Environment and natural resources series ; |
| 520 ## - SUMMARY, ETC. |
| Summary, etc |
This monograph is part of a series of reports that explain how techniques of spatial analysis can be used to investigate poverty and environment links worldwide. It combines rural population distribution data contained in the global rural population database for the year 2000 with methods and results of the "Global agro-ecological assessment for agriculture in the 21st century", in order to estimate the distribution of the world's rural population by agricultural suitability class, land-use category and type of farming system.--Publisher's description. |
| 650 #0 - SUBJECT ADDED ENTRY--TOPICAL TERM |
| Topical Term |
Land use mapping. |
| 650 #0 - SUBJECT ADDED ENTRY--TOPICAL TERM |
| Topical Term |
Sustainable development. |
| 650 #0 - SUBJECT ADDED ENTRY--TOPICAL TERM |
| Topical Term |
Sustainable agriculture. |
| 650 #0 - SUBJECT ADDED ENTRY--TOPICAL TERM |
| Topical Term |
Land use, Rural. |
| 700 1# - ADDED ENTRY--PERSONAL NAME |
| Personal name |
Velthuizen, Harrij van. |
| 710 2# - ADDED ENTRY--CORPORATE NAME |
| Corporate name or jurisdiction name as entry element |
Food and Agriculture Organization of the United Nations. |
| 856 11 - ELECTRONIC LOCATION AND ACCESS |
| Uniform Resource Identifier |
ftp://ftp.fao.org/docrep/fao/010/a1075e/a1075e00.pdf |
| 942 ## - ADDED ENTRY ELEMENTS (KOHA) |
| Koha item type |
សៀវភៅភាសាអង់គ្លេស |
| 952 ## - LOCATION AND ITEM INFORMATION (KOHA) |
| Withdrawn status [LOCAL, KOHA] |
0 |